000 00374nam a2200157Ia 4500
003 OSt
005 20240120100331.0
008 170524s9999 xx 000 0 und d
020 _a 9788126535187
040 _cIIMT UNIVERSITY
100 _aKittle Charles
245 0 _aIntroducation to solid state of physics
260 _bWiley India
260 _c2008
942 _2ddc
_c02
999 _c5499
_d5499